Catálogo

EL EMPLEO DE LA SIMULACION EN LA ADMINISTRACION EDUCACIONAL (Registro nro. 60684)

Detalles MARC
000 -LEADER
fixed length control field 00435nam a2200157 a 4500
001 - CONTROL NUMBER
control field 60684
005 - DATE AND TIME OF LATEST TRANSACTION
control field 20180714062034.0
008 - FIXED-LENGTH DATA ELEMENTS--GENERAL INFORMATION
fixed length control field 140415s1971 ag 000 0 spa d
041 ## - LANGUAGE CODE
Language code of text/sound track or separate title spa
082 ## - DEWEY DECIMAL CLASSIFICATION NUMBER
Classification number 371.2
Item number EMP
245 03 - TITLE STATEMENT
Title EL EMPLEO DE LA SIMULACION EN LA ADMINISTRACION EDUCACIONAL
250 ## - EDITION STATEMENT
Edition statement 1a ed.
260 ## - PUBLICATION, DISTRIBUTION, ETC.
Place of publication, distribution, etc. ARGENTINA :
Name of publisher, distributor, etc. PAIDOS,
Date of publication, distribution, etc. 1971
300 ## - PHYSICAL DESCRIPTION
Extent 274
650 14 - SUBJECT ADDED ENTRY--TOPICAL TERM
Topical term or geographic name entry element ADMINISTRACION ESCOLAR
General subdivision PEDAGOGIA
Existencias
Withdrawn status Lost status Source of classification or shelving scheme Damaged status Not for loan Collection code Home library Current library Shelving location Date acquired Source of acquisition Inventory number Total Checkouts Full call number Barcode Date last seen Price effective from Koha item type
    Dewey Decimal Classification     General Biblioteca Karol Wojtyla Biblioteca Karol Wojtyla Sala general 03/12/2013 Compra 151000000000000000042789   371.2 EMP 915 05/01/2026 03/12/2013 Libro